Statistiques concernant Les titres musicaux n°1 en France en 2012

Cliquez ici pour prendre le quiz!

Statistiques générales

  • Ce quiz a été pris 117 fois
  • Le résultat moyen est 7 sur 12

Statistiques - réponses

TitreInterprète% Correct
DiamondsRihanna
97%
Gangnam StylePsy
93%
SkyfallAdèle
92%
Je l'aime à mourir (La quiero a morir)Shakira
91%
Call me maybeCarly Rae Jepsen
65%
Ai se eu te pegoMichel Telo
59%
Somebody that I used to knowGotye, Kimbra
45%
BaladaGusttavo Lima
30%
Down the roadC2C
29%
TacataTacabro
25%
A l'ombreMylène Farmer
18%
Bara Bara Bere BerêAlex Ferrari
13%

Distribution des résultats

Percentile par nombre de réponses

% des personnes avec chaque résultat

Votre développement - résultats

Vous n’avez pas pris ce quiz